000 01030nam a2200265Ia 4500
003 OSt
005 20220923211312.0
006 a|||||r|||| 00| 0
007 ta
008 220922b |||||||| |||| 00| 0 hin d
020 _a9788179756911 (hbk)
_c600
024 _a289,832
037 _b1334, 11/03/2016, Kiran Book Service
_cTextual
040 _aARTS
_cARTS
_bhin
041 _2hin
_ahin
082 _aO152,6N31:g, Q5
100 _aप्रदीप कुमार सिंह
245 0 _aरामस्वरूप चतुर्वेदी और हिन्दी आलोचना
246 _aRāmasvarūp chaturvedī aur hindī ālochanā
260 _aदिल्ली
_b अनामिका पब्लिर्शस
_c2015
300 _a205पृ.
_ccm.
650 _aहिन्दी साहित्य
_9156264
942 _hO152,6N31:g, Q5
_cTEXL
_2CC
999 _c298265
_d298265